| 000 | 00547nam a22002177a 4500 | ||
|---|---|---|---|
| 999 |
_c458712 _d458712 |
||
| 001 | 5150453 | ||
| 003 | UA-OsUOA | ||
| 005 | 20200403122802.0 | ||
| 008 | 200403b un ||||| |||| 00| 0 ukr d | ||
| 040 |
_aUA-OsUOA _bukr _cUA-OsUOA _dUA-OsUOA |
||
| 041 | _aukr | ||
| 080 | _a821.161.1 | ||
| 090 |
_a821.161.1 _bК76 |
||
| 100 | _aКояндер Е | ||
| 245 |
_aЯ - "Рубин", приказываю... _bповесть _cЕ. В. Кояндер |
||
| 300 | _a273 с. | ||
| 650 | _2821 | ||
| 650 | _2821 | ||
| 942 |
_2udc _cBK |
||
| 955 | _a3 | ||